Film dont le titre commence par un R (3) - Statistiques

Statistiques générales
  • Ce quiz a été pris 5 fois
  • Le résultat moyen est 6 sur 30
Statistiques - réponses
Année Réalisateur Genre 1 acteur ou
1 actrice
Titre % Correct
1988 Barry Levinson Comédie dramatique Dustin Hoffman Rain man
80%
2010 Dany Boon Comédie Benoît Poelvoorde Rien à déclarer
80%
2003 Alain Chabat Comédie Dominique Farrugia RRRrrrr
80%
2016 Fred Cavayé Comédie Dany Boon Radin
60%
1937 Marcel Pagnol Comédie dramatique Fernandel Regain
60%
1977 Steven Spielberg Science fiction François Truffaut Rencontres du troisième type
60%
2006 Sylvester Stallone Comédie dramatique Burt Young Rocky Balboa
60%
1945 Roberto Rossellini Drame Aldo Fabrizi Rome ville ouverte
60%
1960 Luchino Visconti Drame Alain Delon Rocco et ses Frères
40%
1946 Jacques Daroy Drame Blanchette Brunoy Raboliot
20%
1922 Allan Dwan Aventures Douglas Fairbanks Robin des Bois
20%
1988 Yves Boisset Policier Evelyne Bouix Radio corbeau
0%
1939 Christian-Jaque Comédie Fernandel Raphaël le Tatoué
0%
2011 Josée Dayan Drame Gérard Depardieu Raspoutine
0%
2004 Taylor Hackford Biographie Bokeem Woodbine Ray
0%
1953 Fritz Lang Policier Glenn Ford Réglement de comptes
0%
1947 Gilles Grangier Comédie dramatique Annie Ducaux Rendez vous à Paris
0%
1949 Jacques Becker Comédie dramatique Daniel Gélin Rendez-vous de juillet
0%
1976 Francis Girod Comédie Gérard Depardieu René la Canne
0%
1966 Charles Walters Comédie Cary Grant Rien ne sert de courir
0%
1984 Philippe Labro Comédie dramatique Gérard Depardieu Rive droite rive gauche
0%
1941 Yvette Lebon Comédie dramatique Charles Trenet Romance de Paris
0%
1983 Jean-Claude Messiaen Policier Gérard Lanvin Ronde de nuit
0%
2005 Emilio Maille Thriller Flora Martinez Rosario
0%
2018 Mélanie Auffret Comédie Guillaume de Tonquédec Roxane
0%
1983 Gilles Béhat Aventures Bernard Giraudeau Rue Barbare
0%
1951 Ralph Habib Policier Anne Vernon Rue des Saussaies
0%
1985 Tony Gatlif Drame François Cluzet Rue du départ
0%
2000 René Féret Comédie dramatique Dominique Marcas Rue du retrait
0%
1987 PM Glaser Science fiction Arnold Schwartzenegger Running man
0%
Aucun quiz correspondant
Distribution des résultats
% des personnes avec chaque résultat
Percentile par nombre de réponses
Votre historique - résultats
Vous n’avez pas pris ce quiz